| 000 | 00489nam a22001697a 4500 | ||
|---|---|---|---|
| 999 |
_c40702 _d40702 |
||
| 003 | OSt | ||
| 005 | 20200606120123.0 | ||
| 008 | 191030b ||||| |||| 00| 0 eng d | ||
| 020 | _a9788192577029 | ||
| 040 | _cMESKC library | ||
| 082 |
_a248 _bRAS/S |
||
| 100 |
_aRastogi,Kamala _962 |
||
| 245 |
_aSukhi Jeevan Ke Liye Batein Badi Kaam Ki/ _cKamala Rastogi |
||
| 260 |
_aDelhi: _bSahitya Kala, _c2016 |
||
| 300 | _a143p | ||
| 942 |
_2ddc _cBK _h248 _iRAS/S _k248 _mRAS/S |
||